|
|
|
|
| LEADER |
00871nam a2200229 a 4500 |
| 001 |
4063270 |
| 008 |
120531r20122005enka j 000 1 eng d |
| 020 |
|
|
|a 9780194400831
|
| 020 |
|
|
|a 0194400832
|
| 040 |
|
|
|a UkCU
|c UkCU
|d BD-DhAAL
|
| 082 |
0 |
4 |
|a 428.6
|
| 100 |
1 |
|
|a Rose, Mary
|
| 245 |
1 |
0 |
|a Little helpers /
|c Mary Rose ;[illustrated by Cathy Hughes].
|
| 260 |
|
|
|a Oxford :
|b Oxford University Press,
|c 2005.[reprinted 2012]
|
| 300 |
|
|
|a 18 p. :
|b col. ill. ;
|c 21cm.
|
| 490 |
0 |
|
|a Dolphin readers ;
|v Level 1
|
| 541 |
1 |
|
|e 00025112
|
| 650 |
|
0 |
|a Readers (Elementary)
|
| 700 |
1 |
|
|a Hughes, Cathy.
|
| 852 |
1 |
|
|a Ayesha Abed library
|c General Shelf
|
| 999 |
|
|
|c 12277
|d 12277
|
| 952 |
|
|
|0 0
|1 0
|2 ddc
|4 0
|6 428_600000000000000_ROS
|7 0
|9 20331
|a BRACUL
|b BRACUL
|c GEN
|d 2012-05-31
|e Karim International
|l 0
|o 428.6 ROS
|p 3010025112
|r 2012-05-31
|t 1
|w 2012-05-31
|y BK
|x Transferred from BIL to BRACUL on 06/06/22
|